| 000 | 00351nam a22001337a 4500 | ||
|---|---|---|---|
| 082 | _aP-235 | ||
| 100 |
_aBilal Shaukat _947958 |
||
| 245 |
_aComputer Aided Design a Single Spain Box Clvert _cAquib Ud Din |
||
| 260 |
_aMCE Risalpur _c13-05-2002 |
||
| 526 |
_a0 _b0 _c0 _dP_235 |
||
| 650 | _aProject | ||
| 700 |
_aMuhammad Iqbal _94316 |
||
| 942 |
_2ddc _cBK |
||
| 999 |
_c551027 _d551027 |
||